Vista normal
Vista MARC
Entrada Topical Term
Número de registros utilizados en: 1
001 - CONTROL NUMBER
- control field: 1926
003 - CONTROL NUMBER IDENTIFIER
- control field: OSt
005 - DATE AND TIME OF LATEST TRANSACTION
- control field: 20130304125633.0
008 - FIXED-LENGTH DATA ELEMENTS
- fixed length control field: 130304|||a|||||| | ||| d
040 ## - CATALOGING SOURCE
- Original cataloging agency: OSt
- Transcribing agency: OSt
150 ## - HEADING--TOPICAL TERM
- Topical term or geographic name as entry element: POLITICAS, PLANIFICACION Y ADMINISTRACION EN SALUD
670 ## - SOURCE DATA FOUND
- Source citation: Work cat.: (OSt): i Salud, 2006